| 000 | 00778nam a2200265Ia 4500 | ||
|---|---|---|---|
| 001 | 22069 | ||
| 005 | 20260320113339.0 | ||
| 008 | 260320s9999||||xx |||||||||||||| ||und|| | ||
| 020 | _a9788497935586 | ||
| 041 | _aESP | ||
| 082 |
_a804 _bE21 |
||
| 100 |
_aEco, Umberto, _eAUT |
||
| 245 | 0 |
_aSobre literatura _b |
|
| 246 |
_a _5 _b |
||
| 250 | _aSegunda edición. Quinta reimpresión | ||
| 260 |
_a[Barcelona] : _bDebolsillo, _c2025 |
||
| 300 |
_a347 páginas : _btablas, cuadros ; _c19 cm. _e |
||
| 440 |
_a(Ensayo) _n _v |
||
| 650 | _aLEN | ||
| 653 | _aLiteratura | ||
| 654 | _aCHU | ||
| 700 |
_a _c |
||
| 856 |
_uhttps://0u20fpn5p-y-https-research-ebsco-com.itmsp.museknowledge.com/c/qxo6us/search _zVéase además: Base de datos EBSCOhost |
||
| 942 |
_cLIB _dJUS _fMAT _2ddc _n |
||
| 999 |
_c22069 _d22069 |
||